Kepentingan pendidikan kenegaraan

Bibliographic Details
Format: Book
Published: Selangor : Penapro , 2005
Series:Siri pendidikan sivik
Subjects:

MARC

LEADER 00000cam a2200000 7i4500
001 0000004713
005 20151222.0
008 070730
020 |a 9833272061(set) 
020 |a 9833272126 
090 0 0 |a JF   |b MOR MAL (3070) 
245 1 0 |a Kepentingan pendidikan kenegaraan   |c Penyusun; Nur Cahaya Iman 
260 |a Selangor :   |b Penapro ,   |c 2005 
440 |a Siri pendidikan sivik 
500 |a Children ages 7-9 years old (orange) 
650 0 |a Nationalism   |x Juvenile literature 
999 |a 0000904994   |b Book   |c Teenagers   |e Cawangan Bandar Tenggara 
999 |a 0000976577   |b Book   |c Children Collection   |e Cawangan Bandar Tenggara 
999 |a 0000976578   |b Book   |c Children Collection   |e Perbadanan Perpustakaan Awam Johor 
999 |a 0000976579   |b Book   |c Children Collection   |e Cawangan Pontian 
999 |a 0000976580   |b Book   |c Children Collection   |e Perbadanan Perpustakaan Awam Johor 
999 |a 0000976581   |b Book   |c Children Collection   |e Perbadanan Perpustakaan Awam Johor 
999 |a 0000989818   |b Book   |c Children Collection   |e Cawangan Tmn. Ungku Tun Aminah 
999 |a 0000989820   |b Book   |c Children Collection   |e Cawangan Segamat